| 000 | 00981cam a2200265 a 4500 | ||
|---|---|---|---|
| 999 |
_c1220 _d1220 |
||
| 001 | 4869414 | ||
| 003 | GZU | ||
| 005 | 20200930160116.0 | ||
| 008 | 920722s1993 enka b 001 0 eng | ||
| 010 | _a 92026082 | ||
| 020 | _a0415058511 | ||
| 020 | _a041505852X (pbk.) | ||
| 040 |
_aDLC _cDLC _dDLC |
||
| 050 | 0 | 0 |
_aHA32 _b.DEY 1993 |
| 100 | 1 |
_aDey, Ian. _eauthor |
|
| 245 | 1 | 0 |
_aQualitative data analysis : _ba user-friendly guide for social scientists / _cIan Dey. |
| 260 |
_aLondon : _bNew York, NY : _bRoutledge, _c1993. |
||
| 300 |
_axiii, 285 p. : _bill. ; _c25 cm. |
||
| 504 | _aIncludes bibliographical references (p. [277]-279) and index. | ||
| 650 | 0 |
_aSocial sciences _xStatistical methods _xComputer programs. |
|
| 650 | 0 |
_aSocial sciences _xData processing. |
|
| 906 |
_a7 _bcbc _corignew _d1 _eocip _f19 _gy-gencatlg |
||
| 942 |
_2lcc _cBK _h32 _iDEY _kHA |
||